S. 1361, the Natural Disaster Protection and Insurance Act of 1999 : hearing before the Committee on Commerce, Science, and Transportation, United States Senate, One Hundred Sixth Congress, second session, April 13, 2000.

Bibliographic Details
Corporate Authors: United States. Congress. Senate. Committee on Commerce, Science, and Transportation, ProQuest (Firm)
Format: Government Document eBook
Language:English
Published: Washington : U.S. G.P.O. : 2003.
Series:U.S. Congressional Hearings.
Subjects:
Online Access:Connect to the full text of this electronic book

MARC

Tag First Indicator Second Indicator Subfields
LEADER 00000cam a22000001a 4500
001 in00003261663
006 m d f
007 cr bn mmmapmmp
008 090922s2003 dcua ob f000 0 eng d
005 20260504164644.7
035 |a cis2007475646 
040 |a UMI  |c UMI  |d UtOrBLW 
043 |a n-us--- 
074 |a 1041-A 
074 |a 1041-A (online) 
074 |a 1041-B (MF) 
074 |a 1041-B (online) 
086 0 |a Y 4.C 73/7:S.HRG.106-1109 
099 |a HRG-2000-CST-0038 
110 1 |a United States.  |b Congress.  |b Senate.  |b Committee on Commerce, Science, and Transportation. 
245 1 0 |a S. 1361, the Natural Disaster Protection and Insurance Act of 1999 :  |b hearing before the Committee on Commerce, Science, and Transportation, United States Senate, One Hundred Sixth Congress, second session, April 13, 2000. 
246 3 0 |a Natural Disaster Protection and Insurance Act of 1999 
264 1 |a Washington :  |b U.S. G.P.O. :  |c 2003. 
264 2 |a Washington :  |b For sale by the Supt. of Docs., U.S. G.P.O. [Congressional Sales Office], 
300 |a 1 online resource. 
336 |a text  |b txt  |2 rdacontent 
337 |a computer  |b c  |2 rdamedia 
338 |a online resource  |b cr  |2 rdacarrier 
490 1 |a S. hrg. ;  |v 106-1109 
500 |a Record is based on bibliographic data in ProQuest Congressional Hearings Digital Collection. Reuse except for individual research requires license from ProQuest, LLC. 
504 |a Includes bibliographical references. 
530 |a Also available via Internet from the GPO Access web site. Address as of 9/4/03: http://frwebgate.access.gpo.gov/cgi-bin/getdoc.cgi?dbname=106%5F- senate%5Fhearingcurrent access is available via PURL. 
538 |a System requirements: PDF reader software. 
500 |a Electronic resource. 
650 0 |a Disaster insurance  |x Law and legislation  |z United States. 
650 0 |a Disaster relief  |x Law and legislation  |z United States. 
650 0 |a Natural disasters  |x Law and legislation  |z United States. 
655 7 |a Electronic books.  |2 local 
710 2 |a ProQuest (Firm) 
776 0 8 |i Print version:  |a United States. Congress. Senate. Committee on Commerce, Science, and Transportation.  |t S. 1361, the Natural Disaster Protection and Insurance Act of 1999  |w (DGPO)99126835 
776 0 8 |i Microfiche version:  |a United States. Congress. Senate. Committee on Commerce, Science, and Transportation.  |t S. 1361, the Natural Disaster Protection and Insurance Act of 1999.  |d [Bethesda, Md.] : ProQuest,[2004]  |o CIS 2003 S261-21  |w (ProQuest)cis00301900 
810 1 |a United States.  |b Congress.  |b Senate.  |t S. hrg. ;  |v 106-1109. 
830 0 |a U.S. Congressional Hearings. 
856 4 0 |u http://proxy.library.tamu.edu/login?url=https://congressional.proquest.com/congcomp/getdoc?HEARING-ID=HRG-2000-CST-0038  |z Connect to the full text of this electronic book  |t 0 
998 |a cis00301900 
999 |a MARS 
999 f f |s 54c56e7d-d5ab-3178-a483-665b4a4bb31b  |i 2f2c8670-35d9-3e9b-8d77-1bbbd85264e6  |t 0 
952 f f |a Texas A&M University  |b College Station  |c Electronic Resources  |s www_evans  |d Available Online  |t 0  |e HRG-2000-CST-0038  |h Other scheme 
998 f f |a HRG-2000-CST-0038  |t 0  |l Available Online